000 00424nam a2200145Ia 4500
008 240729s9999 xx 000 0 und d
022 _a1348-0391
245 0 _ae-Journal of Surface Science and Nanotechnology
260 _aJapan
260 _bThe Japan Society of Vacuum and Surface Science
650 _aTechnology
856 _uhttps://doaj.org/toc/61cb195880504320aede8d63190e61f4
942 _2ddc
942 _cDOAJEJ
999 _c70854
_d70854
945 _a1
_bMadushi Gamage
_c1
_dMadushi Gamage